000 00710nam a2200205Ii 4500
003 JO-AjNU
008 230605s9999||||xx |||||||||||||| ||und||
017 _a2010/7160
040 _aJO-AjNU
_bara
_erda
_cJO-AjNU
041 _aara
050 1 4 _aPN3157 2010
100 3 _aتأليف هاشم، فاطمة عبد الرؤوف,
_eauthor
_934160
245 0 0 _aالمسرح والدراما للأطفال في مرحلة ما قبل المدرسة
264 3 1 _aد.م: مكتبة دار الزهراء، 2010
300 _a448ص
336 _atext
_btxt
_2rdacontent
337 _aunmediated
_bn
_2rdamedia
338 _avolume
_bnc
_2rdacarrier
650 4 _aالمسرح - الدراما - أطفال
_934161
999 _aA13975
_c17543
_d17543